| 000 | 00544 a2200157 4500 | ||
|---|---|---|---|
| 999 |
_c10163 _d10163 |
||
| 020 | _aNO ISBN | ||
| 050 | _aKTL18BIS1926 | ||
| 245 | 0 | 0 |
_aThe digest of South African Case Law containing the reported decisions of the superior courts to the end 0f 1921 (Cape Town & Johannesburg) / _cedited by Murray Bisset |
| 250 | _aConsolidated edition | ||
| 264 |
_aCape Town : _bJuta and Co, _c1927 |
||
| 300 | _a1227p. : | ||
| 500 | _aincludes table of contents | ||
| 650 | _acase law | ||
| 651 | _aSouthern Rhodesia | ||
| 942 |
_2lcc _cBK _h18 _iBIS _kKTL |
||